<?xml version="1.0" encoding="UTF-8"?>
<record
    xmlns:xsi="http://www.w3.org/2001/XMLSchema-instance"
    xsi:schemaLocation="http://www.loc.gov/MARC21/slim http://www.loc.gov/standards/marcxml/schema/MARC21slim.xsd"
    xmlns="http://www.loc.gov/MARC21/slim">

  <leader>01724nam a2200193 a 4500</leader>
  <controlfield tag="008">120515t1990    sp  |||g |||| 001 0 spa d</controlfield>
  <datafield tag="020" ind1=" " ind2=" ">
    <subfield code="a">950070580X</subfield>
  </datafield>
  <datafield tag="041" ind1=" " ind2=" ">
    <subfield code="a">spa</subfield>
  </datafield>
  <datafield tag="092" ind1=" " ind2=" ">
    <subfield code="c">808</subfield>
    <subfield code="l">75</subfield>
    <subfield code="s">ROT</subfield>
  </datafield>
  <datafield tag="100" ind1="1" ind2=" ">
    <subfield code="a">Roth, Joseph</subfield>
    <subfield code="9">3521</subfield>
  </datafield>
  <datafield tag="245" ind1=" " ind2="3">
    <subfield code="a">La marcha Radetzky /</subfield>
    <subfield code="c">Joseph Roth</subfield>
  </datafield>
  <datafield tag="250" ind1=" " ind2=" ">
    <subfield code="a">1a ed.</subfield>
    <subfield code="b">Trad. Arturo Quintana</subfield>
  </datafield>
  <datafield tag="260" ind1=" " ind2=" ">
    <subfield code="a">Buenos Aires:</subfield>
    <subfield code="b">Sudamericana;</subfield>
    <subfield code="c">1990.</subfield>
  </datafield>
  <datafield tag="300" ind1=" " ind2=" ">
    <subfield code="a">348 p.</subfield>
  </datafield>
  <datafield tag="500" ind1=" " ind2=" ">
    <subfield code="a">Roth, J. (1990). La marcha Radetzky. (1a ed.). Buenos Aires : Sudamericana.</subfield>
  </datafield>
  <datafield tag="505" ind1=" " ind2=" ">
    <subfield code="a">Joseph Roth naci&#xF3; en la provincia austriaca de Galitzia en 1894 y muri&#xF3; en Par&#xED;s en 1939, ciudad &#xE9;sta adonde se exili&#xF3; en 1933, cuando Hitler subi&#xF3; al pode. Entre sus obras est&#xE1;n: Perlefter, Das falsche Gewicht y, sobre todo, Job, inspirada en un tema b&#xED;blico. En esta gran novela, que se ha convertido ya en un cl&#xE1;sico de la literatura universal, La Marcha Radetzky, Joseph Roth presenta, a trav&#xE9;s del ejemplo de la familia Trotta -ligada al emperador Francisco Jos&#xE9; de manera casi legendaria- la ca&#xED;da de una familia, el fin de un orden de siglos y la disoluci&#xF3;n de una encantadora y brillante sociedad europea. La novela narra la historia de tres generaciones; el fundador de la dinast&#xED;a salva la vida al joven emperador Francisco Jos&#xE9; en la batalla de Solferino y consigue as&#xED; un t&#xED;tulo nobiliario; su hijo se convierte en jefe de distrito y es un fiel servidor y funcionario del emperador; al nieto se le hace pesada la carga de su nombre, y se encuentra inc&#xF3;modo en el ejercito. Muere en 1848, en los primeros d&#xED;as de la guerra y, cuando por fin muere tambi&#xE9;n el anciano emperador Francisco Jos&#xE9;, el destino de la familia Trotta est&#xE1; ya sellado. </subfield>
  </datafield>
  <datafield tag="655" ind1=" " ind2=" ">
    <subfield code="a">Novela</subfield>
    <subfield code="9">3091</subfield>
  </datafield>
  <datafield tag="942" ind1=" " ind2=" ">
    <subfield code="2">ddc</subfield>
    <subfield code="c">BK</subfield>
  </datafield>
  <datafield tag="999" ind1=" " ind2=" ">
    <subfield code="c">2678</subfield>
    <subfield code="d">2678</subfield>
  </datafield>
  <datafield tag="952" ind1=" " ind2=" ">
    <subfield code="0">0</subfield>
    <subfield code="1">0</subfield>
    <subfield code="2">ddc</subfield>
    <subfield code="4">0</subfield>
    <subfield code="7">0</subfield>
    <subfield code="a">BFM</subfield>
    <subfield code="b">BFM</subfield>
    <subfield code="c">CR</subfield>
    <subfield code="d">2018-03-06</subfield>
    <subfield code="e">Donaci&#xF3;n Dr. Julio Arce, Marzo 2018.</subfield>
    <subfield code="l">0</subfield>
    <subfield code="o">808 75 ROT</subfield>
    <subfield code="p">4186</subfield>
    <subfield code="r">2018-03-06</subfield>
    <subfield code="t">Ej. 1</subfield>
    <subfield code="w">2018-03-06</subfield>
    <subfield code="y">LIT</subfield>
    <subfield code="z">Proyecto 4to libro. Donaci&#xF3;n Dr. Julio Arce, Marzo 2018.</subfield>
  </datafield>
</record>
